| 000 | 00696nam a22002657a 4500 | ||
|---|---|---|---|
| 005 | 20250729163236.0 | ||
| 008 | 210106b1990 xxu||||| |||| 00| 0 spa d | ||
| 020 | _a288032808 | ||
| 041 | _aESP | ||
| 082 | _a333.72 M274m | ||
| 100 | _aMackinnon, John | ||
| 245 | _aManejo de áreas protegidos en los trópicos | ||
| 260 | _aCosta Rica | ||
| 260 | _bIUON | ||
| 260 | _c1990 | ||
| 300 | _a314 páginas | ||
| 490 | _aTurismo | ||
| 500 | _aFotocopias | ||
| 650 | _aÁREAS PROTEGIDAS | ||
| 650 | _aMANEJO DE ÁREAS PROTEGIDAS | ||
| 650 | _aPLANIFICACIÓN | ||
| 650 | _aCOMUNICACIÓN PARA ÁREAS PROTEGIDAS | ||
| 650 | _aEVALUACIÓN DE EFECTIVIDAD DEL MANEJO | ||
| 942 |
_cBK _2ddc |
||
| 999 |
_c12839 _d12839 |
||